| Tag |
First Indicator |
Second Indicator |
Subfields |
| LEADER |
00000cas a2200000Ka 4500 |
| 001 |
in00002784934 |
| 005 |
20151202172137.0 |
| 006 |
m o d |
| 007 |
cr ||||||||||| |
| 008 |
050614c19519999cl mn poo 0 0spa d |
| 022 |
|
|
|y 0716-0062
|y 0025-956X
|
| 029 |
0 |
|
|a OCLCS
|b 57532
|
| 029 |
1 |
|
|a OCLCS
|b OP-15179
|
| 035 |
|
|
|a (OCoLC)ocm60623968
|
| 035 |
|
|
|a (OCoLC)60623968
|
| 040 |
|
|
|a OCLCS
|b eng
|c OCLCS
|d TXJ
|d OCLCQ
|d CO3
|d OCLCQ
|d TXA
|d UtOrBLW
|
| 043 |
|
|
|a cl-----
|
| 049 |
|
|
|a TXAM
|
| 050 |
1 |
4 |
|a HN39.L3
|b M46 Electronic
|
| 130 |
0 |
|
|a Mensaje (Santiago, Chile : Online)
|
| 245 |
1 |
0 |
|a Mensaje.
|
| 264 |
|
1 |
|a [Santiago de Chile] :
|b [publisher not identified]
|
| 310 |
|
|
|a Monthly (Jan.-Feb. and Mar.-Apr. combined issues)
|
| 336 |
|
|
|a text
|b txt
|2 rdacontent
|
| 337 |
|
|
|a computer
|b c
|2 rdamedia
|
| 338 |
|
|
|a online resource
|b cr
|2 rdacarrier
|
| 362 |
1 |
|
|a Print began with: Vol. 1, no. 1 (Oct. 1951?).
|
| 538 |
|
|
|a Mode of access: World Wide Web.
|
| 555 |
|
|
|a Vols. 1 (1951)-15 (1966) 1 v.; v.6 (1977)-30 (1981). 1 v.; v.31 (1982)-35 (1986). 1.; v. 46 (1997)-50 (2001). 1 v.
|
| 588 |
|
|
|a Description based on print version record.
|
| 500 |
|
|
|a Electronic resource.
|
| 650 |
|
0 |
|a Church and social problems
|z Latin America
|v Periodicals.
|
| 651 |
|
0 |
|a Latin America
|x Social conditions
|y 1982-
|v Periodicals.
|
| 651 |
|
0 |
|a Latin America
|x Social conditions
|y 1945-1982
|v Periodicals.
|
| 651 |
|
0 |
|a Latin America
|v Periodicals.
|
| 610 |
2 |
0 |
|a Jesuits
|v Periodicals.
|
| 650 |
|
7 |
|a SOCIOLOGIA CRISTIANA
|x PUBLICACIONES PERIODICAS.
|2 renib
|
| 776 |
0 |
8 |
|i Print version:
|t Mensaje (Santiago, Chile)
|x 0025-956X
|w (DLC) 91661449
|w (OCoLC)3659595
|
| 948 |
|
|
|a cataloged
|b h
|c 2012/12/19
|d c
|e spoltoratski
|f 8:31:40 am
|g sc
|
| 994 |
|
|
|a C0
|b TXA
|
| 999 |
|
|
|a MARS
|
| 999 |
f |
f |
|s 92757826-5387-3d7e-9e6a-1c12c917ffaf
|i 6c2a9810-37c5-3afb-a3cb-ceacd6d0d889
|t 0
|
| 952 |
f |
f |
|a Texas A&M University
|b College Station
|c Electronic Resources
|d Available Online
|t 0
|e HN39.L3 M46
|g Electronic
|h Library of Congress classification
|
| 998 |
f |
f |
|a HN39.L3 M46
|t 0
|l Available Online
|